00449nam a22001577a 450000500170000001000150001702000260003203500140005803700130007208200130008510000160009824500300011426000370014427000750018130000350025620220708145639.0 aENG-133447 a9788192557572c775.00 aEN-116979 bDBAD/PUB a650.1082 aBeri, Umesh aCareer Coach/cUmesh Beri aNew DelhibAryan Prakashanc2018 bNew Delhie110045a3rd Floor, H-1/48, Bengali Colony, Mahaveer Enclave a256p.c21cm(pbk)bBibliography